[Event "DRUGA LIGA CENTRALNE SRBIJE 2011 - ZAPAD"]
[Site "?"]
[Date "2011.10.15"]
[Round "9.1"]
[White "Stojanovic, Dobrisav"]
[Black "Radojcic, Slobodan"]
[Result "1-0"]
[WhiteElo "2334"]
[BlackElo "2270"]
[PlyCount "120"]
[EventDate "2011.09.11"]

1. d4 d5 2. c4 e6 3. Nf3 Nf6 4. Nc3 c6 5. Bg5 Nbd7 6. e3 Qa5 7. cxd5 exd5 8.
Nd2 Be7 9. Bd3 Qd8 10. Qc2 Nf8 11. O-O a5 12. Rae1 Ne6 13. Bh4 h6 14. Nf3 O-O
15. h3 Nh5 16. Bxe7 Qxe7 17. Ne5 Nf6 18. Na4 Qd6 19. f4 Nc7 20. Nb6 Rb8 21. a3
Na8 22. Na4 Nc7 23. Rc1 Re8 24. Rf3 Qe7 25. g4 Ne4 26. Bxe4 dxe4 27. Rg3 f6 28.
Ng6 Qf7 29. f5 Nd5 30. Kf2 Ne7 31. Nf4 Nd5 32. Nxd5 cxd5 33. Nb6 Bd7 34. Qb3
Bc6 35. Rc5 a4 36. Nxa4 Bxa4 37. Qxa4 b6 38. Rc2 Rec8 39. Rg1 b5 40. Qb3 Rc4
41. Rxc4 dxc4 42. Qc2 Qd5 43. Rc1 Kh7 44. Kg2 Ra8 45. Rf1 Rb8 46. Qc3 Ra8 47.
Rf2 Ra4 48. Rc2 Qa8 49. Rd2 Qd5 50. Rc2 Qd6 51. Rd2 Qd5 52. Rc2 h5 53. Qe1 g5
54. fxg6+ Kxg6 55. Qh4 hxg4 56. Qxg4+ Qg5 57. Kg3 f5 58. Qxg5+ Kxg5 59. h4+ Kf6
60. Rh2 Ra8 1-0

[Event "DRUGA LIGA CENTRALNE SRBIJE 2011 - ZAPAD"]
[Site "?"]
[Date "2011.10.15"]
[Round "9.1"]
[White "Dolovic, Dusko"]
[Black "Marcetic, Predrag"]
[Result "1-0"]
[WhiteElo "2185"]
[BlackElo "2237"]
[PlyCount "75"]
[EventDate "2011.09.11"]

1. d4 Nf6 2. Bg5 c5 3. Bxf6 gxf6 4. d5 Qb6 5. Qc1 e6 6. Nc3 Na6 7. a3 Nc7 8.
dxe6 dxe6 9. e3 Bd7 10. Be2 Rg8 11. Bf3 Bc6 12. Ne4 O-O-O 13. Ng3 f5 14. Bxc6
Qxc6 15. Nf3 c4 16. c3 Na6 17. O-O h5 18. Rd1 Bd6 19. Qc2 Nc5 20. Nd4 Qb6 21.
Qe2 h4 22. Nf1 Nd3 23. b3 h3 24. g3 f4 25. exf4 Nxf4 26. Qxc4+ Kb8 27. Nb5 Nd5
28. Nxd6 Rxd6 29. Qd4 Qc7 30. c4 Rgd8 31. cxd5 Rxd5 32. Qg4 f5 33. Qf3 Qc2 34.
Rxd5 exd5 35. Rd1 d4 36. Qf4+ Ka8 37. Rxd4 Re8 38. Qh4 1-0

[Event "DRUGA LIGA CENTRALNE SRBIJE 2011 - ZAPAD"]
[Site "?"]
[Date "2011.10.15"]
[Round "9.1"]
[White "Vasic, Vladimir"]
[Black "Milosevic, Zoran"]
[Result "1-0"]
[WhiteElo "2209"]
[BlackElo "2280"]
[PlyCount "90"]
[EventDate "2011.09.11"]

1. e4 c5 2. Nf3 e6 3. d4 cxd4 4. Nxd4 Nf6 5. Nc3 d6 6. Be2 a6 7. f4 Nbd7 8. Bf3
Qc7 9. O-O h5 10. Kh1 Rb8 11. Qe2 b5 12. Nd5 Qc4 13. Qxc4 bxc4 14. Nc6 Rb7 15.
Re1 Nb8 16. Nxf6+ gxf6 17. Nxb8 Rxb8 18. Be2 h4 19. Bxc4 h3 20. g3 Bb7 21. Kg1
Rc8 22. Bd3 d5 23. exd5 Bxd5 24. Be3 Bc5 25. Bxc5 Rxc5 26. c4 Bb7 27. b4 Rc7
28. Rad1 Ke7 29. Bf1 Rb8 30. a3 a5 31. b5 a4 32. Rd4 Rbc8 33. Kf2 f5 34. Red1
Be4 35. R1d2 e5 36. fxe5 Rc5 37. Ke3 Rxe5 38. Kf4 Rec5 39. Rd7+ Kf6 40. R2d6+
Kg7 41. Rd4 Bc2 42. Rd8 R8c7 43. R8d5 Be4 44. Rxc5 Rxc5 45. Bxh3 Kf6 1-0

[Event "DRUGA LIGA CENTRALNE SRBIJE 2011 - ZAPAD"]
[Site "?"]
[Date "2011.10.15"]
[Round "9.1"]
[White "Bosiljcic, Zoran"]
[Black "Bezarevic, Branko"]
[Result "1-0"]
[WhiteElo "2172"]
[BlackElo "2176"]
[PlyCount "110"]
[EventDate "2011.09.11"]

1. e4 c5 2. Nf3 d6 3. Bb5+ Bd7 4. Bxd7+ Qxd7 5. O-O Nc6 6. d4 cxd4 7. Nxd4 Nf6
8. Nc3 e6 9. Be3 Be7 10. Qe2 a6 11. Rad1 Qc7 12. f4 O-O 13. f5 Nxd4 14. Bxd4
Rac8 15. fxe6 fxe6 16. e5 dxe5 17. Bxe5 Qc4 18. Qxc4 Rxc4 19. Bd6 Kf7 20. Be5
Kg8 21. Rf3 Rfc8 22. Bd6 Kf7 23. Bxe7 Kxe7 24. Re3 R4c6 25. Re2 Rc5 26. Rdd2 b5
27. a3 R8c7 28. Na2 Rd5 29. Rxd5 Nxd5 30. Nb4 Nxb4 31. axb4 Kd6 32. Kf2 Ra7 33.
Ke3 Rc7 34. b3 Ke5 35. Kd3+ Kd5 36. Rd2 e5 37. c4+ bxc4+ 38. Kc3+ Ke4 39. bxc4
Ke3 40. Rd6 Ra7 41. Rd3+ Ke4 42. Rd2 Ke3 43. Ra2 Rd7 44. Rxa6 Rd3+ 45. Kc2 Rd2+
46. Kb3 Rxg2 47. c5 Rg1 48. Re6 e4 49. c6 Kd4 50. b5 Rc1 51. Kb4 e3 52. Ka5 Kc5
53. Re5+ Kd4 54. Re8 Kc5 55. Ka6 Kd6 1-0

[Event "DRUGA LIGA CENTRALNE SRBIJE 2011 - ZAPAD"]
[Site "?"]
[Date "2011.10.15"]
[Round "9.1"]
[White "Djokovic, Nebojsa"]
[Black "Cubrakovic, Velibor"]
[Result "1-0"]
[WhiteElo "2097"]
[BlackElo "2219"]
[PlyCount "73"]
[EventDate "2011.09.11"]

1. e4 Nf6 2. e5 Nd5 3. c4 Nb6 4. c5 Nd5 5. Nc3 c6 6. Bc4 e6 7. d4 b6 8. Bxd5
cxd5 9. cxb6 Qxb6 10. Nge2 Nc6 11. O-O Ba6 12. Re1 d6 13. exd6 Bxd6 14. a3 O-O
15. b4 Bxe2 16. Nxe2 a5 17. bxa5 Nxa5 18. Bf4 Nc4 19. Bxd6 Qxd6 20. a4 Rfb8 21.
Ng3 Qf4 22. Nh5 Qg5 23. f4 Qg6 24. Ng3 Rb2 25. f5 Qh6 26. Qf3 Rab8 27. a5 R8b3
28. a6 Rxf3 29. a7 g5 30. a8=Q+ Kg7 31. fxe6 Rff2 32. Qxd5 Rxg2+ 33. Qxg2 Rxg2+
34. Kxg2 fxe6 35. Ra7+ Kf8 36. Rb1 Ne3+ 37. Kh1 1-0

[Event "DRUGA LIGA CENTRALNE SRBIJE 2011 - ZAPAD"]
[Site "?"]
[Date "2011.10.15"]
[Round "9.2"]
[White "Panic, Nenad"]
[Black "Bujisic, Vlastimir"]
[Result "1-0"]
[WhiteElo "2350"]
[BlackElo "2238"]
[PlyCount "82"]
[EventDate "2011.09.11"]

1. d4 d5 2. Nf3 Nf6 3. Bf4 c6 4. Nbd2 Bf5 5. e3 e6 6. Ne5 Nbd7 7. g4 Bg6 8. h4
h6 9. Nxg6 fxg6 10. Bd3 Qe7 11. Bxg6+ Kd8 12. c3 e5 13. Bg3 Ne8 14. Nf3 e4 15.
Ne5 Nxe5 16. Bxe5 Nd6 17. b3 Nf7 18. Bxf7 Qxf7 19. f3 exf3 20. O-O Qd7 21. Qxf3
Bd6 22. e4 Rf8 23. Qg2 Kc7 24. Bxd6+ Qxd6 25. exd5 g5 26. Qh2 Rf4 27. Rxf4 gxf4
28. Rf1 Rf8 29. dxc6 bxc6 30. Qe2 Kd7 31. Qe4 Qf6 32. Qf5+ Qxf5 33. gxf5 Rxf5
34. Kf2 Rh5 35. Rh1 c5 36. dxc5 Rxc5 37. c4 Rh5 38. Kf3 Kc6 39. Kxf4 Ra5 40.
Rh2 Kc5 41. Kf5 Kb4+ 1-0

[Event "DRUGA LIGA CENTRALNE SRBIJE 2011 - ZAPAD"]
[Site "?"]
[Date "2011.10.15"]
[Round "9.2"]
[White "Marinkovic, Zoran"]
[Black "Jovanovic, Dusan D"]
[Result "0-1"]
[WhiteElo "2271"]
[BlackElo "2366"]
[PlyCount "96"]
[EventDate "2011.09.11"]

1. Nf3 Nf6 2. g3 b6 3. Bg2 Bb7 4. b3 e6 5. Bb2 c5 6. O-O Be7 7. c4 d6 8. Nc3 a6
9. d4 cxd4 10. Qxd4 Qc7 11. Rfd1 Nbd7 12. Ne1 Rd8 13. Rac1 O-O 14. Rc2 Rfe8 15.
Qf4 Bf8 16. Ne4 Nxe4 17. Bxe4 Bxe4 18. Qxe4 f5 19. Qf4 Ne5 20. Nd3 Ng6 21. Qc1
Qc6 22. Nf4 Rc8 23. Nxg6 hxg6 24. Qg5 Kf7 25. Rcd2 b5 26. cxb5 axb5 27. h4 Be7
28. Qf4 Qe4 29. Qxe4 fxe4 30. Ba3 d5 31. Bxe7 Rxe7 32. a4 Rc3 33. Rb1 bxa4 34.
bxa4 Ra3 35. Rb4 Ra7 36. Rdd4 Ra2 37. Kf1 Rc7 38. f3 e3 39. Rd1 Rcc2 40. Re1 e5
41. Rb5 Ke6 42. Rb6+ Kf5 43. g4+ Kf4 44. Rxg6 d4 45. Rd6 Rxa4 46. h5 Rd2 47.
Rd7 Raa2 48. Rd8 d3 0-1

[Event "DRUGA LIGA CENTRALNE SRBIJE 2011 - ZAPAD"]
[Site "?"]
[Date "2011.10.15"]
[Round "9.2"]
[White "Popovic, Predrag R"]
[Black "Zecevic, Igor"]
[Result "1-0"]
[WhiteElo "2248"]
[BlackElo "1913"]
[PlyCount "93"]
[EventDate "2011.09.11"]

1. e4 c5 2. Nf3 Nc6 3. Nc3 g6 4. d4 cxd4 5. Nxd4 Bg7 6. Be3 Nf6 7. Bc4 Qa5 8.
O-O O-O 9. Bb3 d6 10. f3 Bd7 11. Qd2 Nxd4 12. Bxd4 Bc6 13. Rad1 Rfd8 14. Rfe1
Rac8 15. Qf2 Nd7 16. Bxg7 Kxg7 17. Qd4+ Kg8 18. Nd5 Bxd5 19. exd5 Re8 20. Re2
Qc5 21. Ba4 b5 22. Qxc5 Rxc5 23. b4 Rc7 24. Bxb5 Rb8 25. Bxd7 Rxd7 26. Rb1 Rc7
27. Rb3 Rb5 28. Rd2 Rc4 29. c3 a5 30. a4 Rb7 31. Rdb2 Rbc7 32. Kf2 Kf8 33. Ke2
Rxc3 34. Rxc3 Rxc3 35. b5 Ke8 36. b6 Rc8 37. Rb5 Rb8 38. Kd3 Kd7 39. Rb3 Kc8
40. Kc4 Kb7 41. Kb5 Rc8 42. Kxa5 Rc5+ 43. Rb5 Rc4 44. Rb2 Rc5+ 45. Kb4 Kxb6 46.
Re2 Rxd5 47. Rxe7 1-0

[Event "DRUGA LIGA CENTRALNE SRBIJE 2011 - ZAPAD"]
[Site "?"]
[Date "2011.10.15"]
[Round "9.2"]
[White "Vasilic, Mihailo"]
[Black "Rihterovic, Milan"]
[Result "1-0"]
[WhiteElo "2044"]
[BlackElo "2245"]
[PlyCount "120"]
[EventDate "2011.09.11"]

1. e4 c5 2. Nf3 Nc6 3. Nc3 d6 4. d4 cxd4 5. Nxd4 Nf6 6. h3 e6 7. Be3 Be7 8. Be2
O-O 9. O-O Bd7 10. Qd2 Nxd4 11. Bxd4 Bc6 12. Bd3 a6 13. a4 Qa5 14. f3 Rfd8 15.
Rfd1 Qh5 16. a5 e5 17. Bb6 Rdc8 18. Qf2 Nd7 19. Be3 h6 20. Qg3 Nf6 21. Na4 Re8
22. Nb6 Rad8 23. Bc4 Nd7 24. Qg4 Qxg4 25. hxg4 Nxb6 26. Bxb6 Rc8 27. Bb3 g6 28.
Rd2 Kg7 29. Rad1 Rh8 30. c3 h5 31. gxh5 Rxh5 32. Rxd6 Bxd6 33. Rxd6 Rhh8 34.
Bd5 Rhe8 35. Bxc6 bxc6 36. Rd7 g5 37. Kf2 Kf6 38. Ra7 Ra8 39. Rc7 Rec8 40. Rb7
Ke6 41. b4 f5 42. exf5+ Kxf5 43. Ke3 Re8 44. Rc7 Re6 45. g4+ Kg6 46. Ke4 Rd8
47. Ra7 Rd1 48. Bc5 Re1+ 49. Kd3 Rf1 50. Ke2 Ra1 51. Rxa6 e4 52. Bd4 exf3+ 53.
Kxf3 Rf1+ 54. Kg2 Rfe1 55. Ra8 Ra1 56. Rg8+ Kh6 57. Rb8 Re2+ 58. Kf3 Re7 59.
Rb6 Rf7+ 60. Kg3 Rd1 1-0

[Event "DRUGA LIGA CENTRALNE SRBIJE 2011 - ZAPAD"]
[Site "?"]
[Date "2011.10.15"]
[Round "9.2"]
[White "Vuckovic, Lidija"]
[Black "Nikolic, Vladimir"]
[Result "0-1"]
[WhiteElo "1752"]
[BlackElo "2017"]
[PlyCount "109"]
[EventDate "2011.09.11"]

1. d4 d5 2. Nf3 Nf6 3. Bf4 e6 4. e3 Bd6 5. Bxd6 cxd6 6. Nbd2 O-O 7. c4 dxc4 8.
Bxc4 Nc6 9. O-O h6 10. h3 b6 11. Qe2 Bb7 12. Ba6 Bxa6 13. Qxa6 Qc8 14. Qa4 Qb7
15. Rfc1 b5 16. Qb3 Rab8 17. a3 Rfc8 18. Qd3 Ne7 19. b4 Rxc1+ 20. Rxc1 Rc8 21.
Rxc8+ Nxc8 22. Qc2 Nb6 23. Ne1 Qc8 24. Qxc8+ Nxc8 25. Kf1 Nb6 26. Nc2 g5 27.
Ke2 Kf8 28. Kd3 d5 29. f3 Nc4 30. Nb3 Ke7 31. Nc5 Kd6 32. a4 Nb2+ 33. Kc3 Nxa4+
34. Nxa4 bxa4 35. b5 Nd7 36. Kb4 Nb6 37. e4 f6 38. Ne1 e5 39. dxe5+ fxe5 40.
Nd3 d4 41. g3 Nd7 42. Nb2 a3 43. Nc4+ Kc7 44. Kxa3 Kb7 45. Kb4 a6 46. bxa6+
Kxa6 47. Nb2 Kb6 48. Nd3 Kc6 49. Kc4 Nb6+ 50. Kb4 Kd6 51. Kb5 Nd7 52. Kc4 Nf6
53. Nf2 Ke6 54. Nd3 Nh5 55. f4 0-1

[Event "DRUGA LIGA CENTRALNE SRBIJE 2011 - ZAPAD"]
[Site "?"]
[Date "2011.10.15"]
[Round "9.2"]
[White "Antic, Nenad"]
[Black "Zecevic, Snezana"]
[Result "1-0"]
[WhiteElo "2077"]
[BlackElo "1793"]
[PlyCount "33"]
[EventDate "2011.09.11"]

1. d4 Nf6 2. c4 g6 3. Nc3 Bg7 4. e4 d6 5. Nf3 Nbd7 6. e5 dxe5 7. dxe5 Ng4 8. e6
fxe6 9. h3 Ngf6 10. Ng5 c6 11. Nxe6 Qa5 12. Nxg7+ Kf7 13. Be2 Kxg7 14. O-O Ne5
15. Bd2 Qc5 16. Na4 Qd4 17. Bh6+ 1-0

[Event "DRUGA LIGA CENTRALNE SRBIJE 2011 - ZAPAD"]
[Site "?"]
[Date "2011.10.15"]
[Round "9.3"]
[White "Sredojevic, Srdjan"]
[Black "Milosevic, Boban"]
[Result "0-1"]
[WhiteElo "2203"]
[BlackElo "2268"]
[PlyCount "69"]
[EventDate "2011.09.11"]

1. Nf3 d5 2. b4 e6 3. Bb2 Nf6 4. a3 c5 5. bxc5 Bxc5 6. e3 O-O 7. c4 dxc4 8.
Bxc4 b6 9. d4 Be7 10. Nbd2 Bb7 11. O-O Nc6 12. Qe2 a6 13. Rfc1 b5 14. Bd3 Rc8
15. Nb3 Nd7 16. Nfd2 Qb6 17. Nc5 Nce5 18. Nxd7 Nxd7 19. Rd1 Nf6 20. e4 Rfd8 21.
Nf3 Rc7 22. Ne5 Bf8 23. h3 a5 24. Ng4 Nxg4 25. hxg4 b4 26. axb4 axb4 27. Bb1 g6
28. Qe3 Bg7 29. Ra2 Rcd7 30. e5 Rd5 31. f4 R5d7 32. Ba1 b3 33. Rf2 Bd5 34. Bb2
Rc8 35. f5 0-1

[Event "DRUGA LIGA CENTRALNE SRBIJE 2011 - ZAPAD"]
[Site "?"]
[Date "2011.10.15"]
[Round "9.3"]
[White "Avramovic, Zoran"]
[Black "Bojanic, Bratislav"]
[Result "1-0"]
[WhiteElo "2236"]
[BlackElo "2250"]
[PlyCount "106"]
[EventDate "2011.09.11"]

1. e4 e5 2. Nf3 Nc6 3. d4 exd4 4. Nxd4 Bc5 5. Nb3 Bb6 6. Bd3 Qh4 7. Qe2 Nf6 8.
h3 O-O 9. g3 Qh5 10. Qxh5 Nxh5 11. Nc3 Re8 12. Kf1 Nb4 13. g4 Nxd3 14. cxd3 Nf6
15. Bf4 d6 16. Kg2 h6 17. Rhc1 Bd7 18. Re1 Bc6 19. f3 Nd7 20. d4 Nf8 21. Rac1
a5 22. a4 Ng6 23. Bg3 f6 24. h4 Rad8 25. h5 Nh8 26. d5 Bd7 27. Bf2 Nf7 28. Bxb6
cxb6 29. Nd4 Rc8 30. Ndb5 Rc5 31. Kg3 Rec8 32. f4 Kh7 33. Kf3 g6 34. hxg6+ Kxg6
35. Rh1 Kg7 36. Nd4 Rc4 37. Nf5+ Bxf5 38. gxf5 Kf8 39. Rcg1 Rb4 40. Rh2 Rb3 41.
Kg4 Rc4 42. Re2 Rcb4 43. Rgg2 b5 44. Nxb5 Rxa4 45. Nc7 b5 46. Ne6+ Ke7 47. Rc2
Rc4 48. Rxc4 bxc4 49. Rc2 Rb4 50. Nd4 Kd7 51. Kh5 Nd8 52. Kg6 Nb7 53. Kxf6 Nc5
1-0

[Event "DRUGA LIGA CENTRALNE SRBIJE 2011 - ZAPAD"]
[Site "?"]
[Date "2011.10.15"]
[Round "9.3"]
[White "Drcelic, Sreten"]
[Black "Mircic, Ivan"]
[Result "0-1"]
[WhiteElo "2235"]
[BlackElo "2271"]
[PlyCount "86"]
[EventDate "2011.09.11"]

1. e4 c5 2. Nf3 e6 3. d4 cxd4 4. Nxd4 a6 5. Nc3 Qc7 6. Be3 Nf6 7. a3 Nc6 8. Be2
Be7 9. O-O d6 10. Qd2 Bd7 11. Nb3 Ne5 12. Qd4 O-O 13. h3 b5 14. Bg5 h6 15. Bh4
Ng6 16. Bg3 e5 17. Qd2 Bc6 18. Bf3 Rfd8 19. Rfd1 a5 20. Nd5 Nxd5 21. exd5 Bd7
22. Bh5 Bf5 23. c3 Qc4 24. Nc1 Bg5 25. Qe2 Ne7 26. h4 Bxc1 27. Raxc1 Rdc8 28.
f4 f6 29. fxe5 fxe5 30. Bf2 Be4 31. Bg4 Qxe2 32. Bxe2 Rab8 33. Bg4 Bf5 34. Be2
Be4 35. Bg4 Bf5 36. Bf3 Rb7 37. Be3 Rc4 38. Bf2 Bg4 39. Bxg4 Rxg4 40. b3 Nf5
41. h5 e4 42. Re1 Nh4 43. Re2 Rf7 0-1

[Event "DRUGA LIGA CENTRALNE SRBIJE 2011 - ZAPAD"]
[Site "?"]
[Date "2011.10.15"]
[Round "9.3"]
[White "Rancic, Zoran"]
[Black "Ivanovic, Dragoslav"]
[Result "1-0"]
[WhiteElo "2168"]
[BlackElo "2136"]
[PlyCount "67"]
[EventDate "2011.09.11"]

1. d4 Nf6 2. c4 e6 3. Nc3 d5 4. Nf3 c6 5. e3 Bd6 6. Bd3 Nbd7 7. O-O Nf8 8. e4
dxe4 9. Nxe4 Be7 10. Qe2 Ng6 11. Rd1 O-O 12. Bc2 Qc7 13. b3 e5 14. h3 exd4 15.
Nxd4 Nxe4 16. Bxe4 Bf6 17. Be3 Qe7 18. Bxg6 hxg6 19. Rac1 Rd8 20. Qf3 c5 21.
Ne2 Be6 22. Nf4 b6 23. Re1 Bb2 24. Rb1 Bc3 25. Bxc5 Qf6 26. Be7 Qxe7 27. Qxc3
Rd6 28. Re3 g5 29. Nh5 f6 30. Rbe1 Qf7 31. g4 Rad8 32. Ng3 R8d7 33. Ne4 Rc6 34.
Qb2 1-0

[Event "DRUGA LIGA CENTRALNE SRBIJE 2011 - ZAPAD"]
[Site "?"]
[Date "2011.10.15"]
[Round "9.4"]
[White "Aleksic, Milan"]
[Black "Savicevic, Vlatko"]
[Result "1/2-1/2"]
[WhiteElo "2232"]
[BlackElo "2324"]
[PlyCount "33"]
[EventDate "2011.09.11"]

1. e4 d6 2. d4 Nf6 3. Nc3 g6 4. Be3 Bg7 5. Qd2 c6 6. f3 b5 7. g4 h5 8. g5 Nfd7
9. f4 Bb7 10. Nf3 b4 11. Nd1 c5 12. d5 Nb6 13. c4 bxc3 14. Nxc3 Ba6 15. Bxa6
Nxa6 16. b3 Nd7 17. O-O 1/2-1/2

[Event "DRUGA LIGA CENTRALNE SRBIJE 2011 - ZAPAD"]
[Site "?"]
[Date "2011.10.15"]
[Round "9.4"]
[White "Simic, Dragisa"]
[Black "Markovic, Sasa"]
[Result "1/2-1/2"]
[WhiteElo "2323"]
[BlackElo "2164"]
[PlyCount "25"]
[EventDate "2011.09.11"]

1. e4 c5 2. Nf3 e6 3. d4 cxd4 4. Nxd4 a6 5. c4 Nf6 6. Nc3 d6 7. Be2 Be7 8. O-O
O-O 9. Be3 Bd7 10. Rc1 Nc6 11. Qd2 Qb8 12. Rfd1 Rd8 13. f3 1/2-1/2

[Event "DRUGA LIGA CENTRALNE SRBIJE 2011 - ZAPAD"]
[Site "?"]
[Date "2011.10.15"]
[Round "9.4"]
[White "Jovanovic, Miroslav O"]
[Black "Adzic, Momcilo"]
[Result "0-1"]
[WhiteElo "2093"]
[BlackElo "2263"]
[PlyCount "98"]
[EventDate "2011.09.11"]

1. d4 d5 2. c4 e6 3. Nc3 Nf6 4. cxd5 exd5 5. Bg5 Be7 6. Qc2 O-O 7. e3 Nbd7 8.
Nf3 c6 9. Bd3 h6 10. Bh4 Re8 11. h3 Ne4 12. Bxe7 Qxe7 13. O-O f5 14. Rfe1 g5
15. Nh2 Ndf6 16. Nxe4 fxe4 17. Bf1 h5 18. f4 gxf4 19. exf4 Qg7 20. Re3 Kf7 21.
b4 a6 22. a4 Rg8 23. Rc1 Bd7 24. Qf2 Qf8 25. Rb3 b5 26. a5 Qd6 27. g3 Raf8 28.
Bg2 Ne8 29. Qe2 Qh6 30. Rf1 Nd6 31. g4 Qg7 32. Qf2 Ke8 33. f5 Qf6 34. Rd1 Nc4
35. Qf4 Qd6 36. Qxd6 Nxd6 37. Kf2 Ke7 38. Bf1 Kf6 39. Kg3 Nxf5+ 40. Kf4 Nd6 41.
Be2 Ke7+ 42. Kg3 Rf6 43. Nf1 hxg4 44. hxg4 Nf5+ 45. Kh3 Rh6+ 46. Kg2 Rhg6 47.
Kf2 Nh6 48. Ne3 Nxg4+ 49. Bxg4 Bxg4 0-1

[Event "DRUGA LIGA CENTRALNE SRBIJE 2011 - ZAPAD"]
[Site "?"]
[Date "2011.10.15"]
[Round "9.4"]
[White "Rajevic, Gavrilo"]
[Black "Radovanovic, Slavko"]
[Result "1/2-1/2"]
[WhiteElo "2273"]
[BlackElo "2166"]
[PlyCount "101"]
[EventDate "2011.09.11"]

1. e4 e5 2. Nf3 d6 3. d4 Nf6 4. dxe5 Nxe4 5. Qd5 Nc5 6. Bg5 Be7 7. exd6 Qxd6 8.
Nc3 Be6 9. Qxd6 Bxd6 10. Nb5 Nc6 11. Nxd6+ cxd6 12. a3 O-O 13. O-O-O Ne4 14.
Be3 Rfe8 15. Nd4 Nxd4 16. Rxd4 d5 17. Ra4 a6 18. Rb4 b5 19. Be2 Bd7 20. Bf3 Bc6
21. Rd1 h6 22. Rbd4 Rab8 23. R4d3 Ra8 24. g3 Bb7 25. Bg2 Rac8 26. f3 Nd6 27.
Bh3 Ra8 28. b3 f6 29. Bc5 Nf7 30. f4 Re2 31. R1d2 Rae8 32. Bg2 g5 33. Bxd5 Bxd5
34. Rxd5 gxf4 35. gxf4 R8e4 36. Rf5 Kg7 37. Rxe2 Rxe2 38. Bd4 Re4 39. Bc3 Re6
40. Rd5 Rc6 41. Kd2 Nd6 42. Kd3 Kg6 43. Bb4 Nf5 44. c4 bxc4+ 45. bxc4 Re6 46.
Bd2 Rc6 47. c5 Ne7 48. Rd7 Kf7 49. Kc4 Ke6 50. Rd8 Nc8 51. Rh8 1/2-1/2

[Event "DRUGA LIGA CENTRALNE SRBIJE 2011 - ZAPAD"]
[Site "?"]
[Date "2011.10.15"]
[Round "9.5"]
[White "Kostic, Vladimir G"]
[Black "Colovic, Dusan"]
[Result "1/2-1/2"]
[WhiteElo "2433"]
[BlackElo "2346"]
[PlyCount "60"]
[EventDate "2011.09.11"]

1. Nf3 d6 2. c4 e5 3. Nc3 f5 4. d3 Nf6 5. Bg5 Be7 6. e3 O-O 7. Be2 h6 8. Bxf6
Bxf6 9. Nd5 c6 10. Nxf6+ Qxf6 11. O-O Na6 12. Qc2 g5 13. Nd2 Bd7 14. Rab1 Nc7
15. b4 Ne6 16. b5 g4 17. a4 c5 18. Rbe1 Rf7 19. Nb1 Qh4 20. Qd1 Rg7 21. g3 Qg5
22. Nc3 h5 23. f4 exf4 24. exf4 Qh6 25. Qd2 h4 26. Bd1 hxg3 27. hxg3 Rh7 28.
Qg2 Nd4 29. Nd5 Re8 30. Kf2 Rxe1 1/2-1/2

[Event "DRUGA LIGA CENTRALNE SRBIJE 2011 - ZAPAD"]
[Site "?"]
[Date "2011.10.15"]
[Round "9.5"]
[White "Irizanin, Radoje"]
[Black "Brkljaca, Ante"]
[Result "1/2-1/2"]
[WhiteElo "2338"]
[BlackElo "2319"]
[PlyCount "40"]
[EventDate "2011.09.11"]

1. e4 c5 2. Nc3 Nc6 3. f4 g6 4. Nf3 Bg7 5. Bb5 Nd4 6. O-O Nxb5 7. Nxb5 Nf6 8.
e5 Nd5 9. d4 Nc7 10. Nxc7+ Qxc7 11. d5 d6 12. h3 O-O 13. c3 Bd7 14. Be3 Rad8
15. Bf2 dxe5 16. Nxe5 Bf5 17. Qf3 g5 18. Rfe1 gxf4 19. Qxf4 Rxd5 20. Qxf5 Rxe5
1/2-1/2

[Event "DRUGA LIGA CENTRALNE SRBIJE 2011 - ZAPAD"]
[Site "?"]
[Date "2011.10.15"]
[Round "9.5"]
[White "Gosic, Bogdan"]
[Black "Mirkovic, Stevan"]
[Result "1-0"]
[WhiteElo "2318"]
[BlackElo "2237"]
[PlyCount "57"]
[EventDate "2011.09.11"]

1. e4 c5 2. Nf3 Nc6 3. Bb5 g6 4. O-O Bg7 5. Bxc6 dxc6 6. h3 e5 7. d3 f6 8. Be3
b6 9. Re1 Ne7 10. c3 O-O 11. Qb3+ Kh8 12. d4 cxd4 13. cxd4 exd4 14. Bxd4 c5 15.
Bc3 Nc6 16. Nbd2 Qe7 17. Rad1 Be6 18. Qa4 Ne5 19. Nxe5 fxe5 20. Re3 Bd7 21. Qc2
Rf7 22. Rf3 Raf8 23. Rxf7 Rxf7 24. b3 a6 25. Qd3 Qf6 26. Nf3 Qf4 27. Qxa6 Bf6
28. Qa8+ Kg7 29. Bd2 1-0

[Event "DRUGA LIGA CENTRALNE SRBIJE 2011 - ZAPAD"]
[Site "?"]
[Date "2011.10.15"]
[Round "9.5"]
[White "Gavrilovic, Leonardo"]
[Black "Zivkovic, Vladislav"]
[Result "1-0"]
[WhiteElo "2262"]
[BlackElo "2181"]
[PlyCount "59"]
[EventDate "2011.09.11"]

1. e4 c6 2. c4 d5 3. exd5 cxd5 4. d4 Nf6 5. Nc3 Nc6 6. Be3 dxc4 7. Bxc4 e6 8.
Nf3 Be7 9. a3 a6 10. O-O O-O 11. Rc1 b5 12. Bd3 Bb7 13. b4 Rc8 14. Qe2 Qd7 15.
Rfd1 Rfd8 16. Bb1 g6 17. Ba2 Nd5 18. Ne4 Nxe3 19. Qxe3 Nb8 20. Nc5 Bxc5 21.
dxc5 Bd5 22. Ne5 Qa7 23. Bb1 Nc6 24. Ng4 Qe7 25. Qf4 f5 26. Ne5 Nxe5 27. Qxe5
Qg5 28. Qg3 Qxg3 29. hxg3 Bc4 30. f4 1-0

[Event "DRUGA LIGA CENTRALNE SRBIJE 2011 - ZAPAD"]
[Site "?"]
[Date "2011.10.15"]
[Round "9.5"]
[White "Milosevic, Slavisa"]
[Black "Andjelic, Stevan"]
[Result "0-1"]
[WhiteElo "2257"]
[BlackElo "2095"]
[PlyCount "102"]
[EventDate "2011.09.11"]

1. e4 Nf6 2. d3 d5 3. Nd2 dxe4 4. dxe4 Nc6 5. c3 Ne5 6. Qc2 e6 7. Ngf3 Nxf3+ 8.
Nxf3 Be7 9. Be2 O-O 10. O-O c5 11. e5 Ne8 12. Rd1 Qc7 13. Qe4 g6 14. Bh6 Ng7
15. h4 Bd7 16. h5 Bc6 17. Qg4 Bxf3 18. Bxf3 Rfd8 19. hxg6 hxg6 20. Re1 Nf5 21.
Bf4 Kg7 22. Be4 Rh8 23. g3 Rad8 24. Kg2 Rh7 25. Rh1 Rdh8 26. Rxh7+ Rxh7 27. Rd1
Rh8 28. Qf3 b6 29. Bxf5 gxf5 30. c4 Rd8 31. Rh1 Rh8 32. Rxh8 Kxh8 33. g4 Qc8
34. Qh3+ Kg8 35. Qg3 Kh7 36. Qh3+ Kg8 37. Qh5 Bf8 38. Bg5 Bg7 39. gxf5 Qc6+ 40.
Qf3 Qxf3+ 41. Kxf3 Bxe5 42. fxe6 fxe6 43. b3 Kf7 44. Ke4 Bd6 45. a3 Ke8 46. Bd2
a5 47. Bg5 Kd7 48. Bf6 Bc7 49. Kf3 Kc6 50. Kg4 Kd7 51. Kg5 Bh2 0-1

[Event "DRUGA LIGA CENTRALNE SRBIJE 2011 - ZAPAD"]
[Site "?"]
[Date "2011.10.15"]
[Round "9.5"]
[White "Peric, Slavisa"]
[Black "Matovic, Petar"]
[Result "1/2-1/2"]
[WhiteElo "2205"]
[BlackElo "2211"]
[PlyCount "45"]
[EventDate "2011.09.11"]

1. d4 Nf6 2. Nf3 d5 3. c4 c6 4. e3 Bf5 5. Bd3 Bg4 6. cxd5 cxd5 7. Qa4+ Bd7 8.
Qb3 Qb6 9. Qxb6 axb6 10. Nc3 e6 11. Ne5 Bc6 12. Bd2 Nfd7 13. f4 f6 14. Nxd7
Kxd7 15. a3 Na6 16. O-O Nc7 17. Rac1 b5 18. Na2 Bd6 19. Rc2 g6 20. Rfc1 Rhc8
21. g3 Na6 22. Bf1 Re8 23. Kf2 1/2-1/2

[Event "DRUGA LIGA CENTRALNE SRBIJE 2011 - ZAPAD"]
[Site "?"]
[Date "2011.10.15"]
[Round "9.6"]
[White "Marinkovic, Slavisa"]
[Black "Kahrovic, Mersid"]
[Result "1-0"]
[WhiteElo "2414"]
[BlackElo "2277"]
[PlyCount "59"]
[EventDate "2011.09.11"]

1. e4 d6 2. d4 Nf6 3. Nc3 c6 4. f4 g6 5. Nf3 Bg7 6. Bd3 Na6 7. Be3 Nb4 8. h3
Nxd3+ 9. Qxd3 d5 10. e5 Bf5 11. Qe2 Ne4 12. Nxe4 Bxe4 13. Ng5 Qa5+ 14. Bd2 Qb5
15. Qxb5 cxb5 16. Nxe4 dxe4 17. Ke2 f5 18. a4 bxa4 19. Rxa4 O-O 20. Rha1 a6 21.
c4 Rac8 22. Rb4 Rc7 23. b3 e6 24. Rb6 Re8 25. d5 g5 26. d6 Rd7 27. Ra4 Rf8 28.
Rab4 Rff7 29. c5 h5 30. Rxb7 1-0

[Event "DRUGA LIGA CENTRALNE SRBIJE 2011 - ZAPAD"]
[Site "?"]
[Date "2011.10.15"]
[Round "9.6"]
[White "Dumic, Marko"]
[Black "Begus, Drasko"]
[Result "0-1"]
[WhiteElo "2249"]
[BlackElo "2321"]
[PlyCount "44"]
[EventDate "2011.09.11"]

1. d4 Nf6 2. c4 g6 3. Nc3 Bg7 4. e4 d6 5. f3 Nc6 6. Be3 O-O 7. Qd2 a6 8. Nge2
Rb8 9. d5 Ne5 10. Nd4 c5 11. dxc6 bxc6 12. Be2 c5 13. Nb3 Rb4 14. Rd1 Qb6 15.
Nd5 Nxd5 16. cxd5 a5 17. Rb1 Ba6 18. Nc1 Bxe2 19. Qxe2 Nc4 20. Nd3 Nxe3 21.
Qxe3 c4 22. Qxb6 Rxb6 0-1